| 000 | 00706 a2200229 4500 | ||
|---|---|---|---|
| 020 | _a0074708341 | ||
| 020 | _a9780074708347 | ||
| 090 |
_c2582 _d2582 |
||
| 100 | 1 | _aRoss, Stephen. | |
| 245 | 1 | 0 |
_aFundamentals of corporate finance / _cStephen Ross. |
| 260 |
_a[S.l.] : _bMcGraw-Hill Education, _c2000. |
||
| 300 | _a856 p. | ||
| 500 | _aImport. | ||
| 500 | _aPaperback. | ||
| 700 | 1 | _aThompson. | |
| 700 | 1 | _aCHRISTENSEN. | |
| 700 | 1 | _aWesterfield. | |
| 700 | 1 | _aJordan. | |
| 856 | 4 | 0 |
_3Amazon.com _uhttp://www.amazon.com/exec/obidos/ASIN/0074708341/chopaconline-20 |
| 856 | 4 | 0 |
_3Amazon customer reviews _uhttp://www.chopac.org/cgi-bin/tools/azrev.pl?q=0074708341 |
| 942 |
_aNBS _cBK _k658.15 ROS |
||
| 999 |
_c345077 _d345077 |
||